000 00620nam a2200241Ia 4500
003 OSt
005 20220912145047.0
006 a|||||r|||| 00| 0
007 ta
008 220909b |||||||| |||| 00| 0 eng d
024 _a74715
037 _cTextbook
040 _aCSL
_beng
_cCSL
041 _aeng
082 _aD66,8(C5:72), L7
100 _aRoss Monte Ed.
245 0 _aLaser applications
260 _aNew York
_bAcademic Press
_c1977
300 _axi,238p.
_ccm.
650 _aElectrical laser
942 _hD66,8(C5:72), L7
_cTB
_2CC
999 _c22141
_d22141